[Event "Heusenstamm Schloss op"]
[Site "Heusenstamm"]
[Date "2023.11.25"]
[Round "5"]
[White "Merz, Leander"]
[Black "Martin, Reiner"]
[Result "1-0"]
[WhiteElo "1743"]
[BlackElo "1966"]
[PlyCount "38"]
[EventDate "2023.11.23"]
[EventType "swiss"]
[EventRounds "7"]
[EventCountry "GER"]
[SourceTitle "CB50_2023"]
[SourceDate "2023.12.13"]
[SourceVersion "1"]
[SourceVersionDate "2023.12.13"]
[SourceQuality "1"]

1. e4 c5 2. Nc3 a6 3. d4 cxd4 4. Qxd4 e6 5. Bf4 d6 6. 0-0-0 Nc6 7. Qd2 e5 8. Be3 Nf6 9. f4 Ng4 10. Nf3 Nxe3 11. Qxe3 Qa5 12. Bc4 Be7 13. a3 b5 14. Bd5 Bb7 15. fxe5 dxe5 16. Bxc6+ Bxc6 17. Nxe5 Bb7 18. Nd5 b4 19. Nc4 Qb5 1-0

[Event "Heusenstamm Sparkassen op-B 6th"]
[Site "Heusenstamm"]
[Date "2019.11.23"]
[Round "5"]
[White "Merz, Leander"]
[Black "Werner, Florin"]
[Result "0-1"]
[WhiteElo "1164"]
[BlackElo "1297"]
[PlyCount "112"]
[EventDate "2019.11.21"]
[EventType "swiss"]
[EventRounds "7"]
[EventCountry "GER"]
[SourceTitle "CBM 194 Extra"]
[Source "ChessBase"]
[SourceDate "2020.03.31"]
[SourceVersion "1"]
[SourceVersionDate "2020.03.31"]
[SourceQuality "1"]

1. d4 d5 2. c4 e6 3. Nc3 Nf6 4. e3 c5 5. Nf3 Nc6 6. Bd3 Be7 7. Bd2 Bd7 8. h3 Rc8 9. Qb3 cxd4 10. exd4 Na5 11. Qc2 dxc4 12. Be4 Nxe4 13. Qxe4 Nc6 14. d5 exd5 15. Nxd5 Be6 16. Nxe7 Qxe7 17. 0-0 Rd8 18. Rfe1 Rd7 19. Bg5 f6 20. Qxe6 fxg5 21. Qxe7+ Rxe7 22. Rxe7+ Kxe7 23. Nxg5 h6 24. Nf3 Kf7 25. Re1 Re8 26. Rc1 Re2 27. Rb1 b5 28. Kf1 Rc2 29. Ne1 Rd2 30. Nf3 Rd8 31. b3 c3 32. Rc1 b4 33. Ke2 Nd4+ 34. Nxd4 Rxd4 35. Rc2 Kf6 36. Ke3 Rd8 37. f4 g5 38. fxg5+ hxg5 39. Ke2 Kf5 40. g3 g4 41. h4 Ke4 42. a3 a5 43. a4 Rd3 44. Kf2 Rf3+ 45. Ke2 Rxg3 46. Rc1 Rh3 47. Rg1 Rxh4 48. Rg3 Rh2+ 49. Kd1 Kf4 50. Rd3 g3 51. Rd8 g2 52. Rf8+ Ke5 53. Ke2 g1Q+ 54. Kf3 Rf2+ 55. Ke3 Qe1+ 56. Kd3 Qe4# 0-1